000 01127nac a22003251u 4500
003 EG-ScBUE
005 20220825112912.0
008 200219s1985 enka f b 001 0 eng d
020 _a0711456259
020 _a9780711456259
040 _aEG-ScBUE
_beng
_erda
_cEG-ScBUE
_dEG-ScBUE
082 0 4 _a712.09
_bHUN
_222
100 1 _aHunter, John Michael,‏
_d1932-2005,
_eauthor.
245 1 0 _aLand into landscape /
_cJohn Michael Hunter.
264 1 _aLondon ;
_aNew York :
_bGeorge Godwin,
_c1985.
300 _aix, 182 pages :
_billustrations ;
_c26 cm
336 _2rdacontent
_atext
_btxt
337 _2rdamedia
_aunmediated
_bn
338 _2rdacarrier
_avolume
_bnc
500 _aDistributer : Al-Ahram.
504 _aIncludes bibliographical references and index.
650 7 _aLandscape assessment
_xHistory.
_2BUEsh
650 7 _aLandscape architecture
_xHistory.
_2BUEsh
650 7 _aLandscape assessment
_zGreat Britain
_xHistory.
_2BUEsh
650 7 _aLandscape architecture
_zGreat Britain
_xHistory.
_2BUEsh
651 _2BUEsh
653 _bENGARC
655 _vReading book
_934232
942 _cBB
_k712.09 HUN
_2ddc
999 _c5718
_d5718